000 01622cam a22005054i 4500
003 PE-LiUPU
005 20250731170435.0
008 150625s r 000 0 d
035 _a(Sirsi) a31182
040 _aPE-LiUPU
_bspa
_cPE-LiUPU
_erda
082 0 4 _a146.5
_bL23
_221
100 1 _aLang, Daniel,
_eautor.
245 1 3 _aEl hombre y el atomo.
264 1 _aMéxico :
_bIntercontinental,
_c1958.
336 _atext
_2rdacontent
337 _aunmediated
_2rdamedia
338 _avolume
_2rdacarrier
505 0 _aAnhelo de aventuras, algo hay en el firmamento, Bombas a lo lejos, Juegos de cartas y resplandores, el hombre del traje de plomo, lo que vendrá, una casa-¡Ah! con jardín, Camellas y bombas, adiós a los cordeles y al lacre, un diácono en Oak Ridge.
526 _aSEG68
526 _aSEG70
526 _aSEG69
526 _aSEG67
526 _aSEG43
526 _aP144
526 _aP143
526 _aP131
526 _aP122
526 _aP120
526 _aP117
526 _aP112
526 _aP110
526 _aP106
526 _aP101
526 _aP80
526 _aP59
526 _aP54
526 _aP35
526 _aP33
526 _aP30
942 _2ddc
_cBOOK
949 _a146.5 L23
_wDEWEY
_c1
_i17517
_lCCODEBUL1
_mBUL
_p00.00
_r0
_sY
_tBOOK
_u2015-06-25
_xBIBLIOTECA
_zUNKNOWN
_0COMPRA
_o.STAFF. Colección General
596 _a1
999 _a146.5 L23
_wDEWEY
_c38708
_i17517
_f2021-11-4
_g5
_lCCODEBUL1
_mBUL
_r0
_sY
_tBOOK
_u2015-6-25
_xBIBLIOTECA
_zUNKNOWN
_0COMPRA
_o.STAFF. Colección General
_d38708
980 _81
_gALBERTO SANCHEZ Responsable de Automatización